000 00482nam a2200181Ia 4500
001 26440
003 IN-NITTTR
005 20251114233332.0
008 251113s9999||||xx |||||||||||||| ||eng||
040 _beng
040 _cIN-NITTTR
041 _aeng
082 _a004.62 G541W
100 _aGodbole, Achyut S.
245 0 _aWeb technologies :
_b TCP/IP to internet application architectures. /
_cGodbole, Achyut S., Kahate, Atul
700 _a Kahate, Atul
942 _2ddc
_cBK
999 _c29069
_d29069